000 00458nam a2200181Ia 4500
005 20250326125248.0
008 250326s9999 xx 000 0 und d
037 _aTextbook
040 _aFMSL
_beng
_cFMSL
041 _aeng
_2eng
084 _aX61 L6
_qFMSL
100 _aFisher D
_9738657
245 0 _aMonetary policy
_cFisher D
260 _aNY
_bNY, Macmillan
_c1976
300 _a91p
942 _cTB
_hX61 L6
999 _c1277243
_d1277243